AN INTRODUCTION TO LABOUR AND INDUSTRIAL LAWS (Record no. 10232)

MARC details
000 -LEADER
fixed length control field 00341nam a22001457a 4500
003 - CONTROL NUMBER IDENTIFIER
control field SGT
082 ## - DEWEY DECIMAL CLASSIFICATION NUMBER
Classification number 344,MIS
100 ## - MAIN ENTRY--PERSONAL NAME
Personal name MISRA, SURYA NARAYAN
245 ## - TITLE STATEMENT
Title AN INTRODUCTION TO LABOUR AND INDUSTRIAL LAWS
250 ## - EDITION STATEMENT
Edition statement 5TH
260 ## - PUBLICATION, DISTRIBUTION, ETC. (IMPRINT)
Place of publication, distribution, etc ALLAHABAD
Name of publisher, distributor, etc ALLAHABAD LAW AGENCY
Year of Publication 1977
300 ## - PAGE DESCRIPTION
No. of Pages 648
650 ## - SUBJECT ADDED ENTRY--TOPICAL TERM
Topical term or geographic name as entry element LABOUR LAW
942 ## - ADDED ENTRY ELEMENTS (KOHA)
Source of classification or shelving scheme Dewey Decimal Classification
Koha item type Books
Holdings
Withdrawn status Lost status Source of classification or shelving scheme Damaged status Not for loan Collection code Home library Current library Shelving location Date acquired Vendor Name Cost, normal purchase price SGTU Full call number Accession No. (Barcode) Date last seen Bill Date Koha item type
    Dewey Decimal Classification   Not For Loan LAW SGT Science & Social Sciences Library SGT Science & Social Sciences Library Reference Book 14/12/2016 GIFT 28.00 SGTU 344,MIS FL905 14/12/2016 14/12/2016 Books